100 Biggest Cities of the Confederate States in 1860 with a Map - Statistics

General Stats
  • This quiz has been taken 1,824 times
    316 since last reset
  • The average score is 43 of 100
Answers on the Map
Answers color-coded by a green-red scale on the quiz's map according to % correct below.
 
Answer Stats
Population State Cities % Correct
168,675 LA New Orleans
97%
4,845 TX Houston
94%
3,494 TX Austin
93%
9,554 GA Atlanta
92%
40,522 SC Charleston
92%
3,191 MS Jackson
92%
2,407 TN Jackson
92%
22,623 TN Memphis
91%
16,988 TN Nashville
91%
37,910 VA Richmond
90%
3,727 AR Little Rock
89%
29,258 AL Mobile
89%
2,118 FL Jacksonville
88%
8,235 TX San Antonio
88%
22,292 GA Savannah
87%
8,843 AL Montgomery
86%
4,780 NC Raleigh
86%
5,428 LA Baton Rouge
84%
1,932 FL Tallahassee
84%
2,265 NC Charlotte
83%
5,000 TN Knoxville
79%
14,620 VA Norfolk
78%
8,052 SC Columbia
77%
4,069 TN Columbia
77%
2,545 TN Chattanooga
74%
2,832 FL Key West
71%
7,307 TX Galveston
70%
3,634 AL Huntsville
70%
2,190 LA Shreveport
70%
12,493 GA Augusta
69%
2,876 FL Pensacola
68%
8,247 GA Macon
67%
12,652 VA Alexandria
66%
2,734 TX Brownsville
62%
9,621 GA Columbus
62%
3,308 MS Columbus
62%
9,552 NC Wilmington
62%
3,848 GA Athens
59%
2,630 VA South Wheeling
58%
14,083 VA Wheeling
58%
4,591 MS Vicksburg
56%
4,790 NC Fayetteville
54%
3,989 AL Tuscaloosa
53%
2,700 VA Charlottesville
48%
6,853 VA Lynchburg
45%
1,851 TX Lynchburg
45%
18,266 VA Petersburg
45%
1,914 FL St. Augustine
45%
5,022 VA Fredericksburg
44%
2,861 TN Murfreesboro
42%
1,650 AL Greenville
40%
2,850 TN Clarksville
39%
6,612 MS Natchez
39%
1,848 VA Hampton
37%
3,500 VA Danville
31%
2,000 TN Franklin
31%
3,177 AL Selma
31%
9,496 VA Portsmouth
30%
4,010 GA Rome
30%
5,432 NC New Bern
26%
1,740 TX New Braunfels
26%
4,392 VA Winchester
26%
2,493 VA Parkersburg
25%
3,875 VA Staunton
22%
1,986 TX Victoria
22%
1,649 GA Dalton
18%
2,135 VA Lexington
16%
1,720 SC Georgetown
15%
1,904 FL Apalachicola
13%
2,219 AR Camden
13%
1,621 SC Camden
13%
5,107 LA Jefferson
13%
3,364 VA Martinsburg
12%
5,816 LA Algiers
11%
1,740 NC Hendersonville
11%
2,420 NC Salisbury
10%
2,480 GA Milledgeville
9%
2,793 VA Manchester
8%
1,700 TN Lebanon
7%
1,815 FL Milton
7%
1,938 TX Palestine
7%
2,400 GA Cartersville
6%
2,850 AL Eufaula
6%
1,863 TX Harrisburg
6%
2,987 MS Holly Springs
6%
1,637 SC Newberry
6%
2,546 GA Newnan
6%
5,000 MS Aberdeen
5%
1,869 GA Bainbridge
5%
3,800 AL Wetumpka
5%
1,756 LA Carrollton
4%
2,855 GA Griffin
4%
1,663 LA Plaquemine
4%
2,000 AL Tuscumbia
4%
2,000 GA Cuthbert
3%
1,908 TN Trenton
3%
2,009 GA Eatonton
2%
1,836 TN Edgefield
2%
3,225 GA Newton
2%
1,920 AL Cahaba
1%
No matching quizzes found
Score Distribution
Percent of People with Each Score
Percentile by Number Answered
Your Score History
You have not taken this quiz since the last reset